000 00418nam a2200145Ia 4500
008 220217s9999||||xx |||||||||||||| ||und||
020 _a81-203-1004-2
082 _a621.395 RAJ
100 _aRajaraman, V Radhakrishnan, T
245 0 _aIntroduction to digital computer design
250 _a4th
260 _aPrentice hall of india
_bNew Delhi
_c2002
300 _b150
650 _aDIGITAL DESIGN/LOGIC DESIGN
999 _c170699
_d170699